Hacia el catastro electrónico
Furkejuvvon:
| Váldodahkki: | |
|---|---|
| Materiálatiipa: | Girji |
| Giella: | Undetermined |
| Almmustuhtton: |
San José, Costa Rica : Jiménez y Tanzi,
1988.
|
| Fáttát: | |
| Fáddágilkorat: |
Lasit fáddágilkoriid
Eai fáddágilkorat, Lasit vuosttaš fáddágilkora!
|
MARC
| LEADER | 00000nam a2200000Ia 4500 | ||
|---|---|---|---|
| 003 | 000272 | ||
| 005 | 20221231144011.0 | ||
| 008 | 140114s9999 xx 000 0 und d | ||
| 020 | |a 9977911215 | ||
| 040 | |c cru CEDI | ||
| 082 | |a 526.920.285 S563h | ||
| 100 | |a Sibaja Barrantes, Geovanny |9 19851 | ||
| 245 | |a Hacia el catastro electrónico | ||
| 260 | |a San José, Costa Rica : Jiménez y Tanzi, |c 1988. | ||
| 300 | |a 64 páginas | ||
| 650 | |x COSTA RICA. REGISTRO NACIONAL |x CATASTRO - COSTA RICA |x DERECHO REGISTRAL |x TOPOGRAFIA - COSTA RICA |9 19852 | ||
| 942 | |2 ddc |c BK | ||
| 999 | |c 15440 |d 15440 | ||



